[Event "Warsaw Najdorf Memorial op-B"]
[Site "Warsaw"]
[Date "2021.07.13"]
[Round "4"]
[White "Marciniak, Kajetan"]
[Black "Warcaba, Jakub"]
[Result "0-1"]
[WhiteElo "1376"]
[BlackElo "1735"]
[PlyCount "106"]
[EventDate "2021.07.10"]
[EventType "swiss"]
[EventRounds "9"]
[EventCountry "POL"]
[SourceTitle "EXT 2022"]
[Source "ChessBase"]
[SourceDate "2021.10.06"]
[SourceVersion "1"]
[SourceVersionDate "2021.10.06"]
[SourceQuality "1"]

1. Nf3 Nf6 2. c4 g6 3. b4 Bg7 4. Bb2 0-0 5. g3 a5 6. a3 d6 7. Bg2 e5 8. d3 c6 9. 0-0 Qb6 10. Qb3 axb4 11. axb4 Rxa1 12. Bxa1 Na6 13. Bc3 e4 14. dxe4 Nc5 15. Qa3 Ncxe4 16. Bd4 c5 17. bxc5 dxc5 18. Be3 Ng4 19. Nbd2 Bb2 20. Qd3 Nxd2 21. Qxd2 Rd8 22. Bxc5 Rxd2 23. Bxb6 Be6 24. h3 Nf6 25. c5 Rxe2 26. Re1 Rc2 27. Ng5 Bd5 28. Bxd5 Nxd5 29. Re8+ Kg7 30. Rb8 Bd4 31. Rxb7 Bxf2+ 32. Kh1 Bxg3 33. Rxf7+ Kg8 34. Rf3 Be5 35. Ne6 h5 36. Rf8+ Kh7 37. Ng5+ Kh6 38. Ne6 Ne3 39. Kg1 g5 40. Rf3 Nc4 41. Rf2 Rc1+ 42. Kg2 g4 43. hxg4 hxg4 44. Re2 Kg6 45. Re4 Kf5 46. Rxe5+ Kxe5 47. Nd8 Kf5 48. Nb7 Nxb6 49. cxb6 Rc3 50. Nd6+ Kf4 51. b7 Rc2+ 52. Kf1 Rb2 53. Kg1 Kf3 0-1